00410nam a2200133 450000500170000004100080001708200210002510000230004624500950006926000400016430000200020450000260022465000260025020260223140429.0 aeng a309.2606054bWAG aWaghmare, Sevakram aAdministrative Organisation in Community Development Programme / cby Sevakram K. Waghmare aBombay,bPopular Prakashan,cc1977. ax, 205p.,c23cm aIncludes Bibliography aCommunity Development